000 00844cam a2200265 4500
008 000000n2000 000 0 eng u
020 _a0727727486
035 _a(Sirsi) u101157
041 _aeng
050 _a338.4369
100 _aBlockley, David
245 _aDoing it differently : systems for rethinking construction.
260 _aLondon
_bThomas Telford
_c2000
300 _axvi,320p. ; 30cm.
350 _a50.00
520 _aPrompted by Sir John Egan's 1998 report 'Rethinking construction' this book is written as a contribution to the toolkit that the industry needs to help it change.
650 _aEGAN REFORMS
650 _aEGAN REFORMS
650 _aCONSTRUCTION INDUSTRY
650 _aWORKING PRACTICES
650 _aMANAGEMENT
690 _aBUILT ENVIRONMENT
700 _aGodfrey, Patrick
942 _n0
999 _c100023
_d100023